Benign prostatic hyperplasia , (Record no. 34708)

MARC details
000 -LEADER
fixed length control field 00464nam a22001817a 4500
005 - DATE AND TIME OF LATEST TRANSACTION
control field 20231121120438.0
008 - FIXED-LENGTH DATA ELEMENTS--GENERAL INFORMATION
fixed length control field 231107b |||||||| |||| 00| 0 eng d
020 ## - INTERNATIONAL STANDARD BOOK NUMBER
ISBN 9781563755118
082 ## - DEWEY DECIMAL CLASSIFICATION NUMBER
Classification number 616.65
Item number KIR
100 ## - MAIN ENTRY--AUTHOR
Author Name Kirby, Roger. S
245 ## - TITLE STATEMENT
Title Benign prostatic hyperplasia ,
Statement of responsibility, etc. Kirby, Roger. S
260 ## - PUBLICATION, DISTRIBUTION, ETC.
Place of Publication USA
Name of publisher, distributor, etc. Gower Medical Publishing
Date of publication, distribution, etc. 1993
300 ## - PHYSICAL DESCRIPTION
Pages 109
500 ## - GENERAL NOTE
General note Include Index
650 ## - SUBJECT ADDED ENTRY--TOPICAL TERM
Subject / Department Medical
700 ## - ADDED ENTRY--PERSONAL NAME
Personal name Roger Kirby
952 ## - LOCATION AND ITEM INFORMATION (KOHA)
-- 0
-- 0
Holdings
Lost status Damaged status Collection code Permanent Location Current Location Shelving Location Date acquired Full Call Number Accession No./Barcode Date last seen item type Koha item type
    Medical /Allied Heath Science Superior Information Resource Center (SIRC) Superior University- Main Campus Superior Information Resource Center (SIRC) Superior University- Main Campus Medical 11/07/2023 616.65 KIR-B 1993 20977 11/07/2023 BOOK BOOK

Powered by Koha